000 00640nam a2200253 a 4500
001 5452
003 BD-JhCC
005 20250712084424.0
008 171214s1966 ii a|||| ||a| 001 0 eng d
020 _a8121904676
035 _a(BD-JhCC)5452
040 _aBD-JhCC
_dBD-JhCC
041 _aeng
082 _a535
_bSUB 1966
100 _aSubrahmanyam, N.
245 _aA Textbook of Optics /
_cN. Subrahmanyam; Brij Lal
260 _aNew Delhi :
_bVikas Publishing House Pvt Ltd,
_c1974.
300 _a718p. :
_billu;
_c21 cm.
650 _aOptics
650 _aPhysics
700 _a Lal, Brij
942 _2ddc
_cBK
999 _c5452
_d5452